000 00958cam a2200289 i 4500
001 19780918
005 20180222034219.0
008 170710s2018 cau b 001 0 eng
010 _a 2017032802
020 _a9781944883089 (pbk : alk. paper)
020 _a1944883088 (pbk : alk. paper)
035 _a(DNLM)101709113
040 _aDNLM/DLC
_cDLC
_erda
_dDLC
041 _aeng
042 _apcc
060 1 0 _aWZ 345
080 _a616.855 WAS
082 0 0 _a616.855 WAS
_223
100 1 _a49
101 _aPSI
245 1 2 _aA coursebook on scientific and professional writing for speech-language pathology /
_cM. N. Hegde, PhD, California State University-Fresno.
246 1 _aScientific and professional writing for speech-language pathology
504 _aIncludes bibliographical references and index.
906 _a7
_bcbc
_corignew
_d1
_eecip
_f20
_gy-gencatlg
942 _2ddc
_cBK
999 _c43114
_d43114